Globalisation and the New Terror: the Asia Pacific Dimension (Record no. 10073)
[ view plain ]
| 000 -LEADER | |
|---|---|
| fixed length control field | 00636nam a2200193Ia 4500 |
| 020 ## - INTERNATIONAL STANDARD BOOK NUMBER | |
| ISBN | 1843764423 |
| 082 ## - DEWEY DECIMAL CLASSIFICATION NUMBER | |
| Classification number | 303.625095 GLO- |
| 245 #0 - TITLE STATEMENT | |
| Title | Globalisation and the New Terror: the Asia Pacific Dimension |
| 260 ## - PUBLICATION, DISTRIBUTION, ETC. (IMPRINT) | |
| Place of publication | Cheltenham |
| Name of publisher | Edward Elgar Publishing, Inc. |
| Year of publication | 2004 |
| 300 ## - PHYSICAL DESCRIPTION | |
| Number of Pages | xv, 316 |
| 504 ## - BIBLIOGRAPHY, ETC. NOTE | |
| Bibliography, etc | includes bibliographical references and index |
| 650 ## - SUBJECT ADDED ENTRY--TOPICAL TERM | |
| Topical Term | Terrorism |
| Form subdivision | Congresses |
| 650 ## - SUBJECT ADDED ENTRY--TOPICAL TERM | |
| Topical Term | Terrorism |
| -- | Congresses |
| Form subdivision | Asia |
| 650 ## - SUBJECT ADDED ENTRY--TOPICAL TERM | |
| Topical Term | World Politics |
| Form subdivision | Congresses |
| Geographic subdivision | Pacific Area |
| 650 ## - SUBJECT ADDED ENTRY--TOPICAL TERM | |
| Topical Term | Globalisation |
| Form subdivision | Congresses |
| 650 ## - SUBJECT ADDED ENTRY--TOPICAL TERM | |
| Topical Term | World Politics |
| Form subdivision | Congresses |
| Geographic subdivision | 1995-2005 |
| 700 ## - ADDED ENTRY--PERSONAL NAME | |
| Personal name | Jones, David Martin |
| 942 ## - ADDED ENTRY ELEMENTS (KOHA) | |
| Koha item type | Books |
| Source of classification or shelving scheme | Dewey Decimal Classification |
| Withdrawn status | Lost status | Damaged status | Not for loan | Collection code | Home library | Current library | Date acquired | Bill Date | Full call number | Accession Number | Price effective from | Koha item type |
|---|---|---|---|---|---|---|---|---|---|---|---|---|
| Docas Books | NASSDOC Library | NASSDOC Library | 26/08/2016 | 2004-10-22 | 303.625095 GLO- | D002477 | 18/04/2019 | Books |
